- Volpi, Jorge,
Entry Nombre Personal
001 - NUMERO DE CONTROL
- campo de control: 34625
003 - IDENTIFICADOR DE NUMERO DE CONTROL
- campo de control: DLC
005 - FECHA Y HORA DE LA ÜLTIMA TRANSACCIÓN
- campo de control: 20250305103149.0
008 - DATOS DE LONGITUD FIJA
- campo de control de longitud fija: 930825n| azannaabn |a aaa
010 ## - NÚMERO DE CONTROL DE LA BIBLIOTECA DEL CONGRESO
- Número de control LC: n 93082468
035 ## - NUMERO DE CONTROL
- Número de control: (OCoLC)oca03440813
040 ## - FUENTE DE CATALOGACIÓN
- Agencia original de catalogación: DLC
- Lenguaje de catalogación: spa
- Description conventions: rda
- Agencia de transcripción: DLC
- Agencia que lo modifica: CoU
- Agencia que lo modifica: DLC
- Agencia que lo modifica: OCoLC
- Agencia que lo modifica: UPB
- Agencia que lo modifica: CoU
- Agencia que lo modifica: IEN
- Agencia que lo modifica: WaU
- Agencia que lo modifica: MX-MxUPN
046 ## - FECHAS CON CODIFICACIÓN ESPECIAL
- Fecha de nacimiento: 1968-07-10
- Fuente del formato de fecha: edtf
053 #0 - NÚMERO DE CLASIFICACIÓN LC
- Número de clasificación elemento-número único o número inicial de tramo: PQ7298.32 O4
100 1# - ENCABEZAMIENTO - NOMBRE PERSONAL
- Nombre personal: Volpi, Jorge,
- Fechas asociadas con el nombre: 1968-
370 ## - LUGAR ASOCIADO
- Place of birth: Ciudad de México
- Associated country: México
370 ## - LUGAR ASOCIADO
- Place of residence/headquarters: Princeton (Nueva Jersey)
372 ## - CAMPO DE ACTIVIDAD
- Field of activity: Ficción
372 ## - CAMPO DE ACTIVIDAD
- Field of activity: Novelas
- Field of activity: Ensayos
373 ## - GRUPO ASOCIADO
- Associated group: Princeton University
- Fuente del término: naf
374 ## - OCUPACIÓN
- Occupation: Novelista
- Occupation: Abogado
- Occupation: Profesor universitario
377 ## - LENGUA ASOCIADA
- Language code: spa
400 1# - VEÁSE - NOMBRE DE PERSONA
- Control subfield: nno
- Personal name: Volpi Escalante, Jorge,
- Dates associated with a name: 1968-
400 1# - VEÁSE - NOMBRE DE PERSONA
- Personal name: Volpi, J.,
- Dates associated with a name: 1968-
500 1# - MENCIÓN DE REFERENCIA “VÉASE ADEMÁS”- NOMBRE DE PERSONA
- Control subfield: r
- Relationship information: Alternate identity:
- Personal name: Volpi, J.,
- Dates associated with a name: 1953-
670 ## - FUENTE EN LA QUE SE LOCALIZARON DATOS
- Cita de la fuente: A pesar del oscuro silencio, 1992:
- Información localizada: t.p. (Jorge Volpi Escalante) p. 4 of cover (b. 1968, Mexico City)
670 ## - FUENTE EN LA QUE SE LOCALIZARON DATOS
- Cita de la fuente: La paz de los sepulcros, 1995:
- Información localizada: t.p. (Jorge Volpi)
670 ## - FUENTE EN LA QUE SE LOCALIZARON DATOS
- Cita de la fuente: Memorial del engaño, 2013:
- Información localizada: portada (J. Volpi) solapa (b. New York, 1953; founder/director of JV Capital Management)
670 ## - FUENTE EN LA QUE SE LOCALIZARON DATOS
- Cita de la fuente: El Universal, March 4, 2014
- Información localizada: (Memorial del engaño was actually written by Jorge Volpi. It is an autobiography of the fictional character, J. Volpi. The translator does not exist, nor does the original English work, Deceit, mentioned on the title page verso. Photos included are of Jorge Volpi or are faked. Fake reviews and YouTube interview were also created. The book itself gives no information about the actual author's identity. Nor is there any clue that this is anything but the autobiography of a real person)
- Uniform Resource Identifier: http://www.eluniversal.com.mx/cultura/2014/impreso/los-enganios-literarios-en-la-nueva-novela-de-jorge-volpi-73694.html
670 ## - FUENTE EN LA QUE SE LOCALIZARON DATOS
- Cita de la fuente: Wikipedia, June 11, 2019
- Información localizada: (Jorge Volpi (full name Jorge Volpi Escalante, born July 10, 1968); Mexican novelist and essayist; trained as a lawyer; born in Mexico City; since 2012, he has been a visiting professor at Princeton, where he currently lives)
670 ## - FUENTE EN LA QUE SE LOCALIZARON DATOS
- Cita de la fuente: La tejedora de sombras, 2012:
- Información localizada: portada (Jorge Volpi)
902 ## - CATALOGADOR
- Catalogador: Víctor Ruiz/050325
